[Event "Berlin Werner Ott op"]
[Site "Berlin"]
[Date "2022.07.10"]
[Round "2"]
[White "Kracht, Raphael"]
[Black "Schmidt, Fabian"]
[Result "1-0"]
[WhiteElo "2045"]
[BlackElo "1869"]
[PlyCount "43"]
[EventDate "2022.07.09"]
[EventType "swiss"]
[EventRounds "9"]
[EventCountry "GER"]
[SourceTitle "CBM 209 Extra"]
[Source "ChessBase"]
[SourceDate "2022.09.30"]
[SourceVersion "1"]
[SourceVersionDate "2022.09.30"]
[SourceQuality "1"]

1. e4 e5 2. Nf3 Nc6 3. Bb5 Nf6 4. 0-0 Nxe4 5. d4 Nd6 6. dxe5 Nxb5 7. a4 Nbd4 8. Nxd4 d5 9. Nxc6 bxc6 10. Qd3 Be7 11. Qg3 g6 12. Bh6 Bf8 13. Bxf8 Kxf8 14. Nd2 Be6 15. Nb3 d4 16. Rfd1 Bxb3 17. Qxb3 Rb8 18. Qc4 Rxb2 19. Rxd4 Qe8 20. e6 Qxe6 21. Rd8+ Kg7 22. Qc3+ 1-0

[Event "Berlin Lieb Memorial 5th"]
[Site "Berlin"]
[Date "2019.06.21"]
[Round "7"]
[White "Schmidt, Fabian"]
[Black "Schilling, Florian"]
[Result "1-0"]
[WhiteElo "1862"]
[BlackElo "1871"]
[PlyCount "79"]
[EventDate "2019.05.03"]
[EventType "swiss"]
[EventRounds "7"]
[EventCountry "GER"]
[SourceTitle "EXT 2020"]
[Source "ChessBase"]
[SourceDate "2019.10.17"]
[SourceVersion "1"]
[SourceVersionDate "2019.10.17"]
[SourceQuality "1"]

1. e4 g6 2. d4 d6 3. Nf3 Bg7 4. c3 e6 5. Bd3 Ne7 6. Qe2 Nd7 7. Nbd2 0-0 8. 0-0 b6 9. Re1 Bb7 10. a4 c5 11. b3 Rc8 12. Bb2 Nc6 13. Rac1 Re8 14. Nc4 Bf8 15. Na3 cxd4 16. cxd4 Nb4 17. Bb1 Rxc1 18. Rxc1 Nf6 19. Qe1 d5 20. e5 Ne4 21. Nd2 Nxd2 22. Qxd2 a5 23. Nb5 Bc6 24. Nc3 Qd7 25. Nd1 b5 26. axb5 Bxb5 27. Ne3 Rc8 28. Ng4 Rxc1+ 29. Qxc1 Qd8 30. Nf6+ Kg7 31. h4 Be7 32. h5 h6 33. Ng4 Bg5 34. f4 Bh4 35. hxg6 fxg6 36. g3 Be7 37. f5 Bg5 38. f6+ Kh7 39. Qc5 Be2 40. Qa7+ 1-0

[Event "Berlin Lichtenberger op 15th"]
[Site "Berlin"]
[Date "2016.08.19"]
[Round "7"]
[White "Schmidt, Fabian"]
[Black "Schwager, Thomas"]
[Result "1-0"]
[WhiteElo "1810"]
[BlackElo "1632"]
[PlyCount "59"]
[EventDate "2016.08.13"]
[EventType "swiss"]
[EventRounds "9"]
[EventCountry "GER"]
[SourceTitle "CBM 173 Extra"]
[Source "ChessBase"]
[SourceDate "2016.08.29"]
[SourceVersion "1"]
[SourceVersionDate "2016.08.29"]
[SourceQuality "1"]

1. e4 c5 2. Nf3 d6 3. d4 cxd4 4. Nxd4 Nf6 5. Nc3 a6 6. Be3 e6 7. f3 Be7 8. Qd2 0-0 9. 0-0-0 b5 10. g4 Qc7 11. g5 Nh5 12. Nce2 Bd7 13. Ng3 Nxg3 14. hxg3 Rc8 15. Bd3 Nc6 16. Qh2 h6 17. Nxc6 Qxc6 18. gxh6 g6 19. f4 Kh7 20. g4 f5 21. gxf5 exf5 22. exf5 Bxf5 23. Bxf5 gxf5 24. Bd4 Bf8 25. Rdg1 Rc7 26. Bc3 d5 27. Qg2 Bxh6 28. Rxh6+ Qxh6 29. Rh1 Rac8 30. Rxh6+ 1-0

[Event "Berlin Lichtenberger op 15th"]
[Site "Berlin"]
[Date "2016.08.16"]
[Round "4"]
[White "Guenther, Thomas"]
[Black "Schmidt, Fabian"]
[Result "1-0"]
[WhiteElo "2044"]
[BlackElo "1810"]
[PlyCount "111"]
[EventDate "2016.08.13"]
[EventType "swiss"]
[EventRounds "9"]
[EventCountry "GER"]
[SourceTitle "CBM 173 Extra"]
[Source "ChessBase"]
[SourceDate "2016.08.29"]
[SourceVersion "1"]
[SourceVersionDate "2016.08.29"]
[SourceQuality "1"]

1. d4 d5 2. Nf3 Nf6 3. c4 c6 4. e3 e6 5. Nc3 Nbd7 6. Bd3 Bd6 7. 0-0 0-0 8. b3 b6 9. Bb2 Bb7 10. cxd5 cxd5 11. Rc1 Rc8 12. Nb5 Be7 13. Qe2 Rxc1 14. Rxc1 Qb8 15. Ba3 Bxa3 16. Nxa3 a6 17. h3 Qd6 18. Nb1 b5 19. a4 b4 20. Qb2 Rc8 21. Rxc8+ Bxc8 22. Qc2 Bb7 23. Nbd2 h6 24. e4 dxe4 25. Nxe4 Nxe4 26. Bxe4 Bxe4 27. Qxe4 Nf6 28. Qa8+ Kh7 29. Qb7 Nd7 30. Qa8 g6 31. Qd8 Qc6 32. Kh2 Kg7 33. Qe7 a5 34. Qd8 Qd5 35. Qc7 Kh7 36. Kh1 Kg7 37. Qd8 Kh7 38. Kg1 Kg7 39. Kf1 Nf6 40. Qxd5 Nxd5 41. Ne5 Ne7 42. Ke2 f6 43. Nc4 Nc6 44. Kd3 Kf7 45. Ne3 Ke7 46. Kc4 h5 47. Kc5 Kd7 48. d5 exd5 49. Nxd5 f5 50. Nf4 g5 51. Nxh5 Ne5 52. Kb5 Nd3 53. Kxa5 Nxf2 54. Kxb4 Nd3+ 55. Kc3 Ne1 56. g3 1-0

[Event "Berlin Kreuzberg op"]
[Site "Berlin"]
[Date "2016.07.23"]
[Round "8"]
[White "Reiche, Henry"]
[Black "Schmidt, Fabian"]
[Result "0-1"]
[WhiteElo "1972"]
[BlackElo "1762"]
[PlyCount "214"]
[EventDate "2016.07.16"]
[EventType "swiss"]
[EventRounds "9"]
[EventCountry "GER"]
[SourceTitle "CBM 173 Extra"]
[Source "ChessBase"]
[SourceDate "2016.08.29"]
[SourceVersion "1"]
[SourceVersionDate "2016.08.29"]
[SourceQuality "1"]

1. e4 c5 2. Nf3 d6 3. d4 cxd4 4. Nxd4 Nf6 5. Nc3 a6 6. Be2 e6 7. 0-0 Be7 8. Be3 0-0 9. a4 Nc6 10. Nb3 b6 11. f3 Bb7 12. Qe1 Qc7 13. Qf2 Nd7 14. Rfd1 Nb4 15. Rac1 d5 16. exd5 Nxd5 17. Nxd5 Bxd5 18. Nd4 Rfd8 19. c4 Bb7 20. Bd3 Rac8 21. b3 Bf6 22. Ne2 Nc5 23. Bc2 Nd7 24. Nf4 g6 25. h4 Be5 26. Ne2 Bb2 27. Rb1 Bg7 28. h5 b5 29. hxg6 hxg6 30. axb5 axb5 31. Bg5 Nf6 32. Qh4 Rxd1+ 33. Rxd1 Nd7 34. Kh1 Ne5 35. Qf4 bxc4 36. bxc4 Qxc4 37. Qxc4 Rxc4 38. Bb3 Rb4 39. Rd8+ Kh7 40. Bd1 Rb1 41. Nc3 Ra1 42. Ne4 Bxe4 43. fxe4 Ng4 44. Kg1 Bf6 45. Bxf6 Nxf6 46. Kf2 Nxe4+ 47. Ke3 Nf6 48. Bf3 Kg7 49. Rb8 Ra5 50. Rb7 g5 51. Bd1 Nd5+ 52. Kf3 Rc5 53. Bb3 Kg6 54. Ba4 Rc3+ 55. Kf2 Rc7 56. Rb8 Ne7 57. Ra8 Nd5 58. Be8 Re7 59. Ba4 Nb6 60. Bc2+ f5 61. Ra6 Nd7 62. g4 Nf6 63. gxf5+ exf5 64. Kf3 Re5 65. Rc6 Ra5 66. Ke3 Rb5 67. Kd4 g4 68. Kc4 Ra5 69. Kd4 Kg5 70. Ke3 f4+ 71. Kf2 Rd5 72. Ke1 g3 73. Ke2 Re5+ 74. Kf1 Nd5 75. Bd3 Nb4 76. Rg6+ Kh5 77. Rd6 Nxd3 78. Rxd3 Kg4 79. Rd4 Kf3 80. Rd3+ Re3 81. Rd1 g2+ 82. Kg1 Kg3 83. Rd3 Kf3 84. Rd1 Ke2 85. Rd8 f3 86. Rf8 Re5 87. Rf7 Ke3 88. Rf8 Rf5 89. Re8+ Kd4 90. Kf2 Rf7 91. Re1 Kd5 92. Rd1+ Ke6 93. Rg1 Ke7 94. Ra1 Kf8 95. Rb1 Kg7 96. Rb4 Rf5 97. Rb1 Kh6 98. Ra1 Kh5 99. Ra8 Kg4 100. Rg8+ Rg5 101. Ra8 Kh4 102. Rh8+ Rh5 103. Rf8 Kh3 104. Kg1 Kg4 105. Rg8+ Rg5 106. Ra8 Kg3 107. Rf8 Re5 0-1

[Event "Berlin Kreuzberg op"]
[Site "Berlin"]
[Date "2016.07.22"]
[Round "7"]
[White "Schmidt, Fabian"]
[Black "Scheide, Helmut"]
[Result "1/2-1/2"]
[WhiteElo "1762"]
[BlackElo "1992"]
[PlyCount "46"]
[EventDate "2016.07.16"]
[EventType "swiss"]
[EventRounds "9"]
[EventCountry "GER"]
[SourceTitle "CBM 173 Extra"]
[Source "ChessBase"]
[SourceDate "2016.08.29"]
[SourceVersion "1"]
[SourceVersionDate "2016.08.29"]
[SourceQuality "1"]

1. e4 e5 2. Nf3 Nc6 3. Bc4 Nf6 4. d3 Be7 5. 0-0 d6 6. a4 Bg4 7. h3 Bh5 8. c3 a6 9. Nbd2 Qd7 10. Re1 0-0 11. Nf1 h6 12. Ng3 Bg6 13. Nh4 Kh7 14. Nhf5 Bxf5 15. Nxf5 d5 16. Nxe7 dxc4 17. Nxc6 Qxc6 18. dxc4 Qxc4 19. Qe2 Qxe2 20. Rxe2 Rad8 21. Re1 Rd7 22. f3 Rfd8 23. Be3 Ne8 1/2-1/2

[Event "Berlin Lichtenberger op 14th"]
[Site "Berlin"]
[Date "2015.08.21"]
[Round "7"]
[White "Schmidt, Fabian"]
[Black "Schmalzried, Volker"]
[Result "1/2-1/2"]
[WhiteElo "1766"]
[BlackElo "1881"]
[PlyCount "85"]
[EventDate "2015.08.15"]
[EventType "swiss"]
[EventRounds "9"]
[EventCountry "GER"]
[SourceTitle "EXT 2016"]
[Source "ChessBase"]
[SourceDate "2015.10.08"]
[SourceVersion "1"]
[SourceVersionDate "2015.10.08"]
[SourceQuality "1"]

1. e4 c5 2. Nf3 Nc6 3. Nc3 g6 4. d4 cxd4 5. Nxd4 Bg7 6. Be3 d6 7. Qd2 Nf6 8. f3 0-0 9. 0-0-0 Bd7 10. g4 Nxd4 11. Bxd4 a6 12. h4 b5 13. h5 b4 14. Nd5 Nxd5 15. exd5 Bxd4 16. Qxd4 Qa5 17. hxg6 fxg6 18. Kb1 Rxf3 19. Qe4 Rf7 20. Rd4 Raf8 21. Bd3 Bb5 22. g5 Bxd3 23. Rxd3 Qc5 24. Qe6 Kh8 25. Rdd1 Rf2 26. Qxg6 R8f7 27. Qd3 Qc8 28. g6 Rg7 29. Rxh7+ Rxh7 30. gxh7 Qf5 31. Qd4+ Kxh7 32. Rh1+ Kg6 33. Rg1+ Kf7 34. Rc1 a5 35. b3 Rf1 36. Qd2 Qf4 37. Qxf4+ Rxf4 38. Rd1 Kf6 39. Rd2 Ke5 40. Re2+ Re4 41. Rd2 Kf4 42. Kb2 Ke5 43. c4 1/2-1/2

[Event "Berlin Lichtenberger op 14th"]
[Site "Berlin"]
[Date "2015.08.15"]
[Round "1"]
[White "Schmidt, Fabian"]
[Black "Daverkausen, Bernd"]
[Result "0-1"]
[WhiteElo "1766"]
[BlackElo "2137"]
[PlyCount "44"]
[EventDate "2015.08.15"]
[EventType "swiss"]
[EventRounds "9"]
[EventCountry "GER"]
[SourceTitle "EXT 2016"]
[Source "ChessBase"]
[SourceDate "2015.10.08"]
[SourceVersion "1"]
[SourceVersionDate "2015.10.08"]
[SourceQuality "1"]

1. e4 c5 2. Nf3 Nc6 3. Nc3 Nf6 4. d4 cxd4 5. Nxd4 d6 6. Be2 e5 7. Nb3 Be7 8. Be3 0-0 9. Qd2 a5 10. a4 Nb4 11. 0-0-0 Be6 12. f3 Rc8 13. Kb1 d5 14. exd5 Nfxd5 15. Nxd5 Bxd5 16. c4 Qe8 17. Nxa5 Qxa4 18. b3 Qxa5 19. cxd5 Rc2 20. Qxc2 Nxc2 21. Kxc2 Rc8+ 22. Kb1 Qc3 0-1